| 000 | 00772nam a2200253 a 4500 | ||
|---|---|---|---|
| 001 | 68630 | ||
| 003 | BD-RjUL | ||
| 005 | 20211209081807.0 | ||
| 008 | 170404s1972 enka 001 0 eng d | ||
| 035 | _a(BD-RjUL)68840 | ||
| 040 |
_aBD-RjUL _beng _cBD-RjUL |
||
| 041 | _aeng | ||
| 082 |
_223 _a590 _bPAT 1972 |
||
| 100 | 1 |
_aParker, T. Jeffery _q(Thomas Jeffery), _d1850-1897. _9158078 |
|
| 245 | 1 | 0 |
_aTextbook of zoology / _cby T. Jeffery Parker and William A. Haswell |
| 250 | _a7th Ed. | ||
| 260 |
_aLondon : _bMacmillan, _c1972, 1977. |
||
| 300 |
_a2 V. : _bill. ; _c25 cm. |
||
| 504 | _aBibliography p. 839-846. - Includes index | ||
| 505 | _aVol. 1 -- V.2.-- | ||
| 650 | 0 |
_aZoology _9203404 |
|
| 700 | 1 |
_aHaswell, William A. _d1854-1925. _9227398 |
|
| 942 |
_2ddc _cBK |
||
| 999 |
_c68630 _d68630 |
||